000 00525nam a2200193 a 4500
001 1774863791109
003 YourLibrary
005 20260330151549.0
008 260330s2009##################000#0#eng##
020 _a9781847870728
082 0 4 _a362.1
_bMAC
100 1 _aMcLaughlin, Hugh,
_eauthor.
245 1 0 _aService-User Research in Health and Social Care :
260 _bSAGE Publications,
_c2009.
300 _a185 pages
650 0 _aSocial Science.
942 _cENGLISH
040 _aYourLibrary
_beng
_cYourLibrary
999 _c618169
_d618169